Държавите в света - 1945 - Statistics

General Stats
  • This quiz has been taken 173 times
  • The average score is 54 of 68
Answers on the Map
Answers color-coded by a green-red scale on the quiz's map according to % correct below.
 
Answer Stats
Country % Correct
България
96%
Китай
96%
Бразилия
95%
Канада
95%
Испания
94%
Италия
94%
САЩ
94%
Франция
94%
Мексико
93%
Япония
93%
Турция
92%
Австралия
91%
Великобритания
91%
Египет
91%
Португалия
91%
Аржентина
90%
Дания
90%
Чили
90%
Гърция
89%
СССР
89%
Ирландия
88%
Румъния
88%
Перу
87%
Норвегия
86%
Исландия
85%
Монголия
85%
Швеция
85%
Саудитска Арабия
84%
Финландия
84%
Югославия
84%
Белгия
83%
Полша
83%
Боливия
82%
Иран
82%
Колумбия
82%
Нидерландия
82%
Швейцария
82%
Албания
81%
Венецуела
81%
Ирак
81%
Унгария
81%
Чехословакия
81%
Куба
80%
Уругвай
80%
Парагвай
79%
Непал
78%
Еквадор
76%
Панама
76%
Нова Зеландия
74%
Етиопия
72%
Афганистан
71%
Тайланд
70%
Йемен
69%
Ватикана
61%
Гватемала
61%
Никарагуа
61%
Хаити
60%
ЮАР
60%
Люксембург
58%
Андора
57%
Коста Рика
57%
Сан Марино
57%
Доминиканска република
55%
Лихтенщайн
55%
Хондурас
55%
Монако
52%
Либерия
47%
Салвадор
45%
No matching quizzes found
Score Distribution
Percent of People with Each Score
Percentile by Number Answered
Your Score History
You have not taken this quiz